000 00467nam a2200181 a 4500
005 20140412111419.0
008 070905s19uu xx 00 eng d
020 _a983-00-2743-0
050 _aTR(GS 428.4
_bL67 2007
100 _aLing, Si Yiah
245 _aMy Phonics Readers A /
_cSi Yiah Ling.
260 _aMalaysia :
_bPenerbitan Pelangi,
_c2007.
500 _aCD included
650 _aPhonics
999 _c105974
_d105974